Sevilla y la Giralda en la literatura árabe contemporánea / (Record no. 182452)
[ view plain ]
| 000 -LEADER | |
|---|---|
| campo de control de longitud fija | 00630nam a2200193 i 4500 |
| 001 - NÚMERO DE CONTROL | |
| campo de control | 182452 |
| 003 - IDENTIFICADOR DE NÚMERO DE CONTROL | |
| campo de control | ES-MaACL |
| 005 - FECHA Y HORA DE LA ÚLTIMA TRANSACCIÓN | |
| campo de control | 20230906221619.0 |
| 008 - DATOS DE LONGITUD FIJA--INFORMACIÓN GENERAL | |
| campo de control de longitud fija | 130816s1988 sp |||| | spa d |
| 100 1# - ENTRADA PRINCIPAL--NOMBRE DE PERSONA | |
| Nombre de persona | Martínez Montávez, Pedro. |
| 9 (RLIN) | 78252 |
| 245 10 - MENCIÓN DEL TÍTULO | |
| Título | Sevilla y la Giralda en la literatura árabe contemporánea / |
| Mención de responsabilidad, etc. | Pedro Martínez Montávez. |
| 260 ## - PUBLICACIÓN, DISTRIBUCIÓN, ETC. | |
| Lugar de publicación, distribución, etc. | Madrid : |
| Nombre del editor, distribuidor, etc. | CantArabia, |
| Fecha de publicación, distribución, etc. | 1988. |
| 300 ## - DESCRIPCIÓN FÍSICA | |
| Extensión | 19 p. ; |
| Dimensiones | 25 cm. |
| 490 1# - MENCIÓN DE SERIE | |
| Mención de serie | Cuadernos de almenara ; |
| Designación de volumen o secuencia | 1 |
| 651 #4 - PUNTO DE ACCESO ADICIONAL DE MATERIA--NOMBRE GEOGRÁFICO | |
| Nombre geográfico | Sevilla- |
| Subdivisión general | En la literatura. |
| 9 (RLIN) | 147914 |
| 830 0# - PUNTO DE ACCESO ADICIONAL DE SERIE-TÍTULO UNIFORME | |
| Título uniforme | Cuadernos de almenara ; |
| Designación de volumen o secuencia | 1 |
| 9 (RLIN) | 191754 |
| 852 ## - LOCALIZACIÓN | |
| Ubicación | ES-MaACL |
| Número de control de estantería | 2325-F-14 |
| Estatus retirado | Estado de pérdida | Estado de daño | No para préstamo | Colección | Biblioteca de origen | Biblioteca actual | Ubicación en estantería | Fecha de adquisición | Fuente de adquisición | Total de préstamos | Signatura topográfica completa | Código de barras | Visto por última vez | Precio de reemplazo | Tipo de ítem Koha |
|---|---|---|---|---|---|---|---|---|---|---|---|---|---|---|---|
| Colección de folletos | Biblioteca del Ateneo de Madrid | Biblioteca del Ateneo de Madrid | Depósito folletos | 16/08/2013 | 2325-F-14 | 1191732 | 23/02/2023 | 23/02/2023 | Folleto |
